Guidelines for the protection of the architectural heritage. (Record no. 101200)

MARC details
000 -LEADER
fixed length control field 00716cam a2200265 4500
008 - FIXED-LENGTH DATA ELEMENTS--GENERAL INFORMATION
fixed length control field 000000n2001 000 0 eng u
020 ## - INTERNATIONAL STANDARD BOOK NUMBER
International Standard Book Number 9287142939
035 ## - SYSTEM CONTROL NUMBER
System control number (Sirsi) u111093
050 ## - LIBRARY OF CONGRESS CALL NUMBER
Classification number 913.031
110 ## - MAIN ENTRY--CORPORATE NAME
Corporate name or jurisdiction name as entry element Council of Europe
9 (RLIN) 2800
245 ## - TITLE STATEMENT
Title Guidelines for the protection of the architectural heritage.
260 ## - PUBLICATION, DISTRIBUTION, ETC.
Place of publication, distribution, etc. Belgium
Name of publisher, distributor, etc. Council of Europe
Date of publication, distribution, etc. 2001
300 ## - PHYSICAL DESCRIPTION
Extent 33p. ; 18cm.
350 ## - PRICE (NR) (BK AM CF MU VM SE) [OBSOLETE]
Price 7.75
520 ## - SUMMARY, ETC.
Summary, etc. Text in English and French.
650 ## - SUBJECT ADDED ENTRY--TOPICAL TERM
Topical term or geographic name entry element ARCHAEOLOGY
650 ## - SUBJECT ADDED ENTRY--TOPICAL TERM
Topical term or geographic name entry element CONSERVATION
650 ## - SUBJECT ADDED ENTRY--TOPICAL TERM
Topical term or geographic name entry element PRESERVATION
650 ## - SUBJECT ADDED ENTRY--TOPICAL TERM
Topical term or geographic name entry element RESTORATION
650 ## - SUBJECT ADDED ENTRY--TOPICAL TERM
Topical term or geographic name entry element EUROPE
650 ## - SUBJECT ADDED ENTRY--TOPICAL TERM
Topical term or geographic name entry element LAW
650 ## - SUBJECT ADDED ENTRY--TOPICAL TERM
Topical term or geographic name entry element ARCHAEOLOGICAL SITES
690 ## - LOCAL SUBJECT ADDED ENTRY--TOPICAL TERM (OCLC, RLIN)
Topical term or geographic name as entry element ENVIRONMENTAL AND LAND CONSULTANCY
942 ## - ADDED ENTRY ELEMENTS (KOHA)
Suppress in OPAC 0
Holdings
Withdrawn status Lost status Source of classification or shelving scheme Damaged status Not for loan Home library Current library Shelving location Date acquired Cost, normal purchase price Total Checkouts Full call number Barcode Date last seen Copy number Cost, replacement price Price effective from Koha item type
    Dewey Decimal Classification     London London Books 14/03/2001 6.59   913.031 COU 30063711 06/08/2019 1 6.59 06/08/2019 Book